000 00601nam a2200253Ia 4500
003 OSt
005 20221007095003.0
006 a|||||r|||| 00| 0
007 ta
008 221006b |||||||| |||| 00| 0 eng d
024 _a553
037 _cTextual
040 _aLCO
_cLCO
_beng
041 _2eng
_aeng
082 _aZ(Q2), N5
100 _aDiwan Paras
245 0 _aHindu Law
250 _a1st
260 _aAllahabad
_bWadhwah & Company India
_c1995
300 _a1426
650 _aHINDU LAW
942 _hZ(Q2), N5
_cTEXL
999 _c1170116
_d1170116